000
00159 a2200085 4500
041
_a
spa
100
_a
Anonimo
245
_a
La nutricion de la familia
942
_c
BK
999
_c
3978
_d
3978